=LDR 00000nam 2200000 4500 =001 INLIS000000000042093 =005 20131008014900 =008 ***********************************Ind** =035 ##$$a0010-101300000000015 =041 ##$$a Ind =082 ##$$a 363.23 =090 ##$$a 363, Moe k =100 ##$$a Moerti Hadiati Soeroso =245 ##$$a Kekerasan dalam rumah tangga : dalam perspektif yuridis - viktimologis, Moerti Hadiati Soeroso; Editor, Tarmizi =260 ##$$a 2010 $b Jakarta =300 ##$$a xx, 226 hlm., ilus, 23 cm =650 ##$$a Kekerasan Dalam Rumah Tangga =700 ##$$a Tarmizi =850 ##$$a NBPNMAT =990 ##$$a 91066/BPAP-NTB/2014